[Event "TCh-SCG Men"]
[Site "Budva"]
[Date "2004.09.12"]
[Round "5"]
[White "Aleksandrov, Aleksej"]
[Black "Markovic, Miroslav"]
[Result "1-0"]
[WhiteElo "2666"]
[BlackElo "2564"]
[PlyCount "46"]
[EventDate "2004.09.08"]
[Source "Roberto Alvarez"]
[SourceDate "2004.09.21"]

1. d4 Nf6 2. c4 d6 3. Nc3 Bf5 4. g3 c6 5. Bg2 e5 6. e4 Bg4 7. Nge2 Na6 8. Be3 Be7 9. h3 Bh5 10. Qd2 O-O 11. O-O Re8 12. Rae1 Bf8 13. f4 Bxe2 14. Rxe2 Nh5 15. Kh2 exf4 16. gxf4 Qh4 17. Qe1 Qxe1 18. Rfxe1 g6 19. Bf3 Ng7 20. a3 Nc7 21. d5 c5 22. Bf2 f6 23. b4 b6 1-0

[Event "Bugojno"]
[Site "Bugojno"]
[Date "1980.??.??"]
[Round "1"]
[White "Hort, Vlastimil"]
[Black "Kavalek, Lubomir"]
[Result "1/2-1/2"]
[WhiteElo "2595"]
[BlackElo "2600"]
[PlyCount "78"]
[EventDate "1980.05.??"]
[Source "ChessBase"]

1. d4 Nf6 2. c4 d6 3. Nc3 Bf5 4. g3 e5 5. Nf3 Nc6 6. d5 Ne7 7. Bg5 Ng6 8. e4 Bd7 9. h4 h6 10. Bxf6 Qxf6 11. h5 Ne7 12. Nb5 Kd8 13. Bh3 Bxh3 14. Rxh3 Nc8 15. Kf1 Qe7 16. Kg2 Qd7 17. Qd3 a6 18. Nc3 Be7 19. Nd1 Bg5 20. Nxg5 hxg5 21. Ne3 Ne7 22. Rc1 f6 23. Rhh1 b6 24. b4 Ke8 25. c5 b5 26. c6 Qc8 27. Rcf1 Kf8 28. Re1 Kg8 29. a4 bxa4 30. Ra1 Rb8 31. Rxa4 Rb5 32. Qa3 Kh7 33. Rxa6 Rxb4 34. Qxb4 Qxa6 35. Qb1 Ra8 36. Qd1 Qa4 37. Qg4 f5 38. Nxf5 Nxd5 39. Qxg5 Qxe4+ 1/2-1/2

[Event "AUT Team Ch"]
[Site "Austria"]
[Date "1993.??.??"]
[Round "?"]
[White "Karpov, Anatoly"]
[Black "Duer, Arne"]
[Result "1-0"]
[WhiteElo "2725"]
[BlackElo "2390"]
[PlyCount "109"]
[EventDate "1993.??.??"]
[Source "www.chesslib.no"]
[SourceDate "2004.05.04"]

1. d4 Nf6 2. c4 d6 3. Nc3 Bf5 4. f3 e5 5. e4 exd4 6. Qxd4 Be6 7. b3 Nbd7 8. Nge2 Be7 9. Nf4 O-O 10. Be2 c6 11. Be3 Re8 12. Qd2 Nb6 13. O-O d5 14. cxd5 cxd5 15. Bb5 Rf8 16. e5 Nfd7 17. Bd4 Nb8 18. Rad1 Nc6 19. Bxc6 bxc6 20. Nd3 Bf5 21. Nc5 Nd7 22. N3a4 Re8 23. Qc3 Nxc5 24. Nxc5 Bf8 25. Rfe1 h6 26. Rc1 Rc8 27. b4 Qc7 28. a3 Qb8 29. Nb3 Rc7 30. Na5 Re6 31. Bf2 Rc8 32. Nb3 Rg6 33. Bc5 Bxc5+ 34. Nxc5 a5 35. bxa5 Qa7 36. Re3 Rb8 37. a4 Rd8 38. Qd4 Rb8 39. Nb3 Qe7 40. f4 Qa3 41. Ra1 Qe7 42. a6 h5 43. Nc5 Qa7 44. h3 Be4 45. Ra2 Rb1+ 46. Kh2 h4 47. Rd2 Bf5 48. Ree2 Rg3 49. e6 fxe6 50. Nxe6 Qxa6 51. Ng5 Qc8 52. Re7 Qf8 53. Rde2 Rb8 54. Rf7 Qxf7 55. Nxf7 1-0

[Event "Santo Antonio"]
[Site "Santo Antonio"]
[Date "2001.05.21"]
[Round "3"]
[White "Yakovich, Yuri"]
[Black "Ubilava, Elizbar"]
[Result "1/2-1/2"]
[WhiteElo "2577"]
[BlackElo "2526"]
[PlyCount "150"]
[EventDate "2001.05.19"]
[Source "ChessBase"]
[SourceDate "2001.09.13"]

1. d4 Nf6 2. c4 d6 3. Nc3 Bf5 4. Nf3 g6 5. Nh4 Bd7 6. e4 e5 7. Nf3 exd4 8. Nxd4 Bg7 9. Be2 O-O 10. O-O Nc6 11. Be3 Re8 12. f3 Nh5 13. Qd2 Nxd4 14. Bxd4 Nf4 15. Rfd1 Qg5 16. Bf1 Bxd4+ 17. Qxd4 Bc6 18. b4 b6 19. Rac1 a5 20. a3 axb4 21. axb4 h5 22. Kh1 h4 23. Ra1 Kh7 24. Nd5 Bxd5 25. cxd5 Nh5 26. Qc3 Rxa1 27. Rxa1 Qe5 28. Qxe5 Rxe5 29. Ra7 Re7 30. Kg1 f5 31. e5 Rxe5 32. Rxc7+ Kh6 33. Rc6 Nf4 34. Rxb6 Nxd5 35. Rb5 Kg5 36. Bc4 Nc3 37. Rxe5 dxe5 38. Kf2 Kf6 39. Ke3 Na4 40. Kd3 Nb6 41. Bg8 Ke7 42. g3 hxg3 43. hxg3 Kf6 44. Bb3 Ke7 45. Bc4 Kf6 46. Bb5 Ke7 47. Bc6 Kd6 48. Be8 Nd5 49. Kc4 e4 50. fxe4 Nf6 51. Bxg6 fxe4 52. Kd4 e3 53. Bd3 Nh5 54. g4 Nf4 55. Kxe3 Nd5+ 56. Ke4 Nxb4 57. Bc4 Nc6 58. g5 Ne5 59. Bb3 Ng6 60. Kf5 Nh4+ 61. Kf6 Kc5 62. Bd1 Kd5 63. Bf3+ Kd4 64. Bb7 Ke3 65. Bc8 Kf4 66. Be6 Kg3 67. Bd7 Kf4 68. Bc6 Kg4 69. Ba4 Kg3 70. Bd1 Kf4 71. Be2 Ke3 72. Bg4 Ke4 73. Bh5 Kf4 74. Bd1 Kg3 75. Kg7 Kf4 1/2-1/2

[Event "XI Festival"]
[Site "Voronezh RUS"]
[Date "2007.06.16"]
[Round "5"]
[White "Bocharov, D."]
[Black "Kislinsky, A."]
[Result "1-0"]
[WhiteElo "2614"]
[BlackElo "2472"]
[PlyCount "57"]
[EventDate "2007.06.12"]
[Source "www.chesslib.no"]
[SourceDate "2004.05.04"]

1. d4 Nf6 2. c4 d6 3. Nc3 Bf5 4. g3 e5 5. Nf3 Nbd7 6. Bg2 c6 7. O-O h6 8. d5 c5 9. Nd2 g5 10. e4 Bg6 11. Rb1 h5 12. Re1 g4 13. b4 cxb4 14. Rxb4 b6 15. f4 exf4 16. gxf4 Qc8 17. Nb3 a5 18. Ra4 g3 19. h3 Bg7 20. Nb5 O-O 21. Nxd6 Qd8 22. e5 Ng4 23. hxg4 Qh4 24. Nd4 f6 25. Nf3 Qxg4 26. f5 Nc5 27. fxg6 fxe5 28. Ra3 Qxg6 29. Ne4 1-0

[Event "Beersheba"]
[Site "Beersheba"]
[Date "1988.??.??"]
[Round "?"]
[White "Pinter, Jozsef"]
[Black "Mestel, A Jonathan"]
[Result "1/2-1/2"]
[WhiteElo "2570"]
[BlackElo "2510"]
[PlyCount "23"]
[EventDate "1988.02.??"]
[Source "ChessBase"]

1. d4 Nf6 2. c4 d6 3. Nc3 Bf5 4. Nf3 g6 5. g3 Bg7 6. Bg2 Ne4 7. Nh4 Nxc3 8. bxc3 Bc8 9. O-O O-O 10. Ba3 Nd7 11. Rb1 c6 12. Nf3 1/2-1/2

[Event "Prestwich"]
[Site "Prestwich"]
[Date "1990.??.??"]
[Round "9"]
[White "Ulibin, Mikhail"]
[Black "Anand, Viswanathan"]
[Result "1/2-1/2"]
[WhiteElo "2500"]
[BlackElo "2555"]
[PlyCount "26"]
[EventDate "1990.??.??"]
[Source "www.chesslib.no"]
[SourceDate "2004.05.04"]

1. d4 Nf6 2. c4 d6 3. Nc3 Bf5 4. f3 e5 5. d5 e4 6. g4 Nxg4 7. fxg4 Qh4+ 8. Kd2 e3+ 9. Kxe3 Qg5+ 10. Kf2 Qh4+ 11. Kg2 Qxg4+ 12. Kf2 Qh4+ 13. Kf3 Qg4+ 1/2-1/2

[Event "XII GM"]
[Site "Lippstadt"]
[Date "2004.07.26"]
[Round "3"]
[White "Koneru, Humpy"]
[Black "Buhmann, Rainer"]
[Result "1-0"]
[WhiteElo "2511"]
[BlackElo "2532"]
[PlyCount "97"]
[EventDate "2004.07.24"]
[Source "Roberto Alvarez"]
[SourceDate "2004.08.17"]

1. d4 Nf6 2. c4 d6 3. Nc3 Bf5 4. f3 e5 5. e4 exd4 6. Qxd4 Nc6 7. Qf2 Be6 8. Be3 g6 9. O-O-O Bg7 10. Kb1 a6 11. Nh3 Nd7 12. Nd5 Nce5 13. Nhf4 b5 14. c5 dxc5 15. Bxc5 Nxc5 16. Qxc5 c6 17. Nxe6 fxe6 18. f4 cxd5 19. fxe5 Rc8 20. Qa3 Qe7 21. Qxa6 O-O 22. Be2 Bxe5 23. exd5 exd5 24. Bg4 Rce8 25. Rhe1 Kh8 26. Qxb5 Qg7 27. Qe2 Re7 28. Bf3 Rb8 29. b3 Bf6 30. Qf2 Rxe1 31. Rxe1 Qc7 32. Qg3 Qb6 33. Bxd5 Rd8 34. Rd1 Qc5 35. Qf3 Kg7 36. g4 Qe7 37. g5 Bxg5 38. Rf1 Qe5 39. Qf7+ Kh6 40. h4 Be3 41. Bf3 Qc5 42. Be4 Qe5 43. Bc2 Bd2 44. h5 Qxh5 45. Be4 Bg5 46. Rh1 Qxh1+ 47. Bxh1 Rd1+ 48. Kc2 Rxh1 49. Qf8+ 1-0

[Event "XIII festival A"]
[Site "Zupanja CRO"]
[Date "2007.01.03"]
[Round "1.1"]
[White "Ivanisevic, Ivan"]
[Black "Zivkovic, Vjekoslav"]
[Result "1-0"]
[WhiteElo "2602"]
[BlackElo "2441"]
[PlyCount "113"]
[EventDate "2007.01.03"]
[Source "www.chesslib.no"]
[SourceDate "2004.05.04"]

1. d4 Nf6 2. c4 d6 3. Nc3 Bf5 4. g3 e5 5. d5 g6 6. Bg2 Bg7 7. e4 Bg4 8. Nge2 a5 9. Bg5 Na6 10. h3 Bd7 11. Qd2 Nc5 12. O-O Qc8 13. Bh6 O-O 14. Kh2 Qe8 15. Bxg7 Kxg7 16. f4 Ng8 17. Rf2 Qe7 18. Raf1 Rae8 19. f5 f6 20. g4 Kh8 21. Ng3 Qg7 22. b3 b6 23. Bf3 Qh6 24. Qxh6 Nxh6 25. fxg6 hxg6 26. Bd1 Kg7 27. Rf3 Ng8 28. a3 Rb8 29. Nb5 Rbc8 30. Bc2 Rf7 31. Kg2 Na6 32. Rb1 Ne7 33. b4 Rcf8 34. Ba4 Nc8 35. Nc3 Bxa4 36. Nxa4 axb4 37. axb4 Ne7 38. Ra3 Nb8 39. Nc3 f5 40. exf5 gxf5 41. Rf1 fxg4 42. Rxf7+ Rxf7 43. hxg4 Ng6 44. Nf5+ Kh7 45. Ne4 Nf4+ 46. Kf3 Kg6 47. Ra8 Rf8 48. Ra7 Rf7 49. Nh4+ Kh6 50. Nxd6 Rh7 51. Ne4 Nh3 52. Nf5+ Kg6 53. Ra8 Rh8 54. Ne7+ Kg7 55. Ra7 Ng1+ 56. Kg2 Ne2 57. Nf5+ 1-0

[Event "Elgoibar 10th"]
[Site "Elgoibar"]
[Date "2000.??.??"]
[Round "3"]
[White "Lopez Martinez, Josep Manuel"]
[Black "Georgiev, Vladimir"]
[Result "0-1"]
[WhiteElo "2477"]
[BlackElo "2564"]
[PlyCount "122"]
[EventDate "2000.11.28"]
[Source "ChessBase"]
[SourceDate "2001.03.20"]

1. d4 Nf6 2. c4 d6 3. Nc3 Bf5 4. f3 e5 5. e4 exd4 6. Qxd4 Nc6 7. Qd1 Be6 8. Bd3 g6 9. Nge2 Bg7 10. O-O O-O 11. Be3 Nd7 12. Qd2 a5 13. b3 Nc5 14. Rad1 a4 15. Bc2 axb3 16. axb3 Qc8 17. Rb1 Nb4 18. Nd5 Bxd5 19. Qxb4 Be6 20. Qd2 Ra2 21. Nc3 Ra6 22. f4 f5 23. exf5 Bxf5 24. Nd5 Qd8 25. Bxf5 gxf5 26. Bd4 Ne4 27. Qd3 c6 28. Bxg7 Kxg7 29. Ne3 Qf6 30. Rbe1 Nc5 31. Qc2 Kg8 32. Kh1 Ra3 33. Rb1 h5 34. Qd1 Re8 35. Nc2 Ra2 36. Qxh5 Re7 37. Nb4 Rae2 38. Ra1 Qxa1 39. Qxe2 Rxe2 40. Rxa1 Nxb3 41. Ra8+ Kf7 42. h3 Nc5 43. Ra3 Re4 44. Nc2 Rxc4 45. Ne3 Rxf4 46. g3 Rf2 47. Kg1 Ne4 48. Ra4 Rf3 49. Nxf5 d5 50. g4 Rxh3 51. Ra8 Rb3 52. Rc8 Kf6 53. Rg8 c5 54. Rf8+ Kg5 55. Ng7 Kxg4 56. Ne6 Kg3 57. Rg8+ Kf3 58. Kh2 Rb2+ 59. Kg1 d4 60. Rf8+ Ke3 61. Re8 d3 0-1

[Event "Berlin"]
[Site "Berlin"]
[Date "1999.??.??"]
[Round "10"]
[White "Muse, Mladen"]
[Black "Romanishin, Oleg M"]
[Result "1-0"]
[WhiteElo "2470"]
[BlackElo "2565"]
[PlyCount "79"]
[EventDate "1999.??.??"]
[Source "www.chesslib.no"]
[SourceDate "2004.05.04"]

1. d4 Nf6 2. c4 d6 3. Nc3 Bf5 4. Qb3 Qc8 5. Nf3 g6 6. Nh4 Bd7 7. e4 Bg7 8. Nf3 O-O 9. Be2 a5 10. Qd1 e5 11. O-O exd4 12. Nxd4 Nc6 13. Ndb5 Nd8 14. Be3 Re8 15. f3 Bxb5 16. cxb5 d5 17. Nxd5 Nxd5 18. Qxd5 Bxb2 19. Rab1 Bg7 20. f4 Qe6 21. Qxe6 Nxe6 22. e5 Rad8 23. Bc4 b6 24. f5 gxf5 25. Rxf5 Rd7 26. Rbf1 Nd8 27. Bg5 Rxe5 28. Bxd8 Rxf5 29. Rxf5 Rd1+ 30. Rf1 Rxd8 31. Rxf7 Bd4+ 32. Kh1 Kh8 33. g4 Be5 34. g5 Bd6 35. Kg2 Rf8 36. Rd7 Rf4 37. Be6 Rf8 38. h4 Re8 39. Bc4 Rf8 40. Bd3 1-0

[Event "USA-op"]
[Site "?"]
[Date "1987.??.??"]
[Round "3"]
[White "Alburt Lev O"]
[Black "Shirazi Kamran G"]
[Result "1-0"]
[WhiteElo "2570"]
[BlackElo "2455"]
[PlyCount "77"]
[EventDate "1987.??.??"]
[Source "www.chesslib.no"]
[SourceDate "2004.05.04"]

1. d4 Nf6 2. c4 d6 3. Nc3 Bf5 4. Nf3 g6 5. Nh4 Bd7 6. e4 e5 7. Nf3 Nc6 8. d5 Ne7 9. c5 Bg7 10. cxd6 cxd6 11. Nd2 O-O 12. Be2 Ne8 13. a4 f5 14. Nc4 fxe4 15. Nxe4 Nf5 16. O-O Nd4 17. Be3 Bf5 18. Ng3 Rc8 19. Bxd4 exd4 20. Qb3 Rc7 21. Nxf5 gxf5 22. Rad1 b6 23. Na3 Re7 24. Bf3 Be5 25. Nb5 Nf6 26. Nxd4 Bxd4 27. Rxd4 Nd7 28. Bd1 Rg7 29. f4 Nc5 30. Qc4 a5 31. Rd2 Re8 32. Bc2 Qe7 33. Bxf5 Qe3+ 34. Rff2 Rf7 35. Rde2 Rxf5 36. Rxe3 Rxe3 37. Re2 Rxf4 38. Qxf4 Rxe2 39. Qg3+ 1-0

[Event "Ch Serbia & Montenegro"]
[Site "?"]
[Date "2005.04.15"]
[Round "13"]
[White "Antic Dejan"]
[Black "Markovic Miroslav"]
[Result "1-0"]
[WhiteElo "2488"]
[BlackElo "2509"]
[PlyCount "31"]
[EventDate "2005.??.??"]
[Source "www.chesslib.no"]
[SourceDate "2004.05.04"]

1. d4 Nf6 2. c4 d6 3. Nc3 Bf5 4. f3 e5 5. e4 exd4 6. Qxd4 Be6 7. Be3 c6 8. b3 Nbd7 9. Nge2 Qa5 10. Qd2 Rd8 11. Nf4 Nc5 12. Rc1 Bc8 13. Be2 g6 14. Qb2 Qb4 15. Bd2 Bh6 16. Nd1 1-0

[Event "Berlin"]
[Site "Berlin"]
[Date "1999.??.??"]
[Round "3"]
[White "Kachiani Gersinska, Ketino"]
[Black "Romanishin, Oleg M"]
[Result "0-1"]
[WhiteElo "2425"]
[BlackElo "2565"]
[PlyCount "86"]
[EventDate "1999.??.??"]
[Source "www.chesslib.no"]
[SourceDate "2004.05.04"]

1. d4 Nf6 2. c4 d6 3. Nc3 Bf5 4. Nf3 g6 5. Bg5 Bg7 6. e3 O-O 7. Bd3 Bxd3 8. Qxd3 Nbd7 9. O-O c5 10. Rfd1 Re8 11. h3 Qa5 12. Ne4 Rac8 13. Nxf6+ Nxf6 14. Bxf6 Bxf6 15. b3 cxd4 16. exd4 b6 17. a3 Rc7 18. Rac1 Rec8 19. b4 Qa4 20. Rd2 a5 21. bxa5 Qxa5 22. Rb2 Qa6 23. Qb3 Rxc4 24. Rxc4 Rxc4 25. Qxb6 Qxb6 26. Rxb6 Bxd4 27. Nxd4 Rxd4 28. Rb1 f5 29. Ra1 Ra4 30. Kf1 Kf7 31. Ke2 e5 32. Kd3 Ke6 33. Kc3 e4 34. Kb3 Ra7 35. a4 d5 36. a5 d4 37. Kc4 d3 38. Kd4 d2 39. Ke3 Rxa5 40. Rd1 Rd5 41. h4 Rd3+ 42. Kf4 h6 43. Ra1 d1=Q 0-1

[Event "Nassau-ch"]
[Site "?"]
[Date "2002.11.25"]
[Round "6"]
[White "Novikov Igor A"]
[Black "Josenhans Daniel"]
[Result "1-0"]
[WhiteElo "2719"]
[BlackElo "2264"]
[PlyCount "71"]
[EventDate "2002.??.??"]
[Source "www.chesslib.no"]
[SourceDate "2004.05.04"]

1. d4 Nf6 2. c4 d6 3. Nc3 Bf5 4. f3 e5 5. d5 e4 6. Qd4 exf3 7. gxf3 c5 8. Qf2 Nbd7 9. e4 Bg6 10. Bd2 Be7 11. O-O-O a6 12. Nge2 O-O 13. Ng3 b5 14. cxb5 axb5 15. Bxb5 Qb6 16. Qe2 h5 17. f4 h4 18. f5 Bh7 19. Nh5 Nxh5 20. Qxh5 Bf6 21. Bxd7 Rxa2 22. Bb5 Rb8 23. Qe2 Bxc3 24. Bxc3 Qxb5 25. Qxb5 Rxb5 26. Rhg1 g6 27. f6 Ra1+ 28. Kd2 Rxd1+ 29. Kxd1 Rb8 30. Kd2 Re8 31. Ke3 g5 32. Rxg5+ Bg6 33. Rg4 h3 34. e5 dxe5 35. Ba5 Ra8 36. Bc7 1-0

[Event "SUI-chT SMM"]
[Site "SUI"]
[Date "2003.??.??"]
[Round "6.4"]
[White "Milov, Vadim"]
[Black "Adler, Joel"]
[Result "1-0"]
[WhiteElo "2636"]
[BlackElo "2342"]
[PlyCount "65"]
[EventDate "2003.??.??"]
[Source "Roberto Alvarez"]
[SourceDate "2003.10.13"]

1. d4 Nf6 2. c4 d6 3. Nc3 Bf5 4. f3 e5 5. e4 exd4 6. Qxd4 Nc6 7. Qd2 Be6 8. b3 Be7 9. Bb2 O-O 10. Nge2 a5 11. Nf4 Nd7 12. Be2 Nc5 13. Ncd5 Bg5 14. g3 Bxd5 15. cxd5 Ne5 16. h4 Bh6 17. Qc3 f5 18. exf5 Rxf5 19. Ne6 Qe7 20. O-O Ng6 21. f4 Nxe6 22. dxe6 Raf8 23. Rf2 Nxh4 24. gxh4 Bxf4 25. Raf1 Be5 26. Rxf5 Rxf5 27. Rxf5 Bxc3 28. Bxc3 Qxh4 29. Rxa5 Qg3+ 30. Kf1 Qh3+ 31. Kf2 h6 32. Bf3 c6 33. Ra8+ 1-0

[Event "Frunze"]
[Site "Frunze"]
[Date "1985.??.??"]
[Round "15"]
[White "Agzamov, Georgy"]
[Black "Imanaliev, Taalaibek"]
[Result "1/2-1/2"]
[WhiteElo "2590"]
[BlackElo "2385"]
[PlyCount "84"]
[EventDate "1985.11.??"]
[Source "ChessBase"]

1. d4 Nf6 2. c4 d6 3. Nc3 Bf5 4. Nf3 g6 5. Nh4 Bd7 6. g3 Bg7 7. Bg2 Nc6 8. O-O O-O 9. f4 e5 10. fxe5 dxe5 11. d5 Nd4 12. e3 Nf5 13. Nxf5 Bxf5 14. e4 Bd7 15. h3 b6 16. Bg5 h6 17. Be3 Ne8 18. b4 a5 19. a3 axb4 20. axb4 Rxa1 21. Qxa1 f5 22. Qc1 f4 23. gxf4 exf4 24. Rxf4 Rxf4 25. Bxf4 Qh4 26. Ne2 Bxh3 27. Bg3 Qg4 28. Qf4 Qxe2 29. Bxh3 Nd6 30. Qg4 Qxg4 31. Bxg4 Nxc4 32. Bxc7 Be5 33. Bd8 Kf8 34. Bd7 Bd6 35. Bb5 Nd2 36. Bd3 Bxb4 37. Kf2 Bc5+ 38. Ke2 Nb3 39. Bc4 Nd4+ 40. Kd3 Nf3 41. Bc7 Ke7 42. Bb5 Kf6 1/2-1/2

[Event "Petroff Mem Open"]
[Site "?"]
[Date "2000.02.14"]
[Round "7"]
[White "Nikitin Andrey S"]
[Black "Malaniuk Vladimir P"]
[Result "1-0"]
[WhiteElo "2400"]
[BlackElo "2572"]
[PlyCount "79"]
[EventDate "2000.??.??"]
[Source "www.chesslib.no"]
[SourceDate "2004.05.04"]

1. d4 Nf6 2. c4 d6 3. Nc3 Bf5 4. Nf3 g6 5. Nh4 Bd7 6. e4 e5 7. Nf3 Nc6 8. d5 Ne7 9. c5 Bg7 10. Qb3 Qb8 11. cxd6 cxd6 12. Bb5 O-O 13. Bg5 Bg4 14. Nd2 h6 15. Be3 Bc8 16. Be2 Ng4 17. Bxg4 Bxg4 18. O-O Bd7 19. a4 f5 20. f3 f4 21. Bf2 g5 22. Rfc1 Rf7 23. Nb5 Bxb5 24. Qxb5 Ng6 25. Ra3 h5 26. h3 Qd8 27. Rac3 Bf8 28. a5 Rg7 29. a6 b6 30. Kf1 Nh8 31. Ke2 Rd7 32. Rc6 Nf7 33. Qc4 Qe7 34. Rc8 Rxc8 35. Qxc8 Kg7 36. Qb8 Nh6 37. Rc8 Ng8 38. Nc4 Nf6 39. Nxb6 axb6 40. Bxb6 1-0

[Event "16th Winter Open, Nice FRA"]
[Site "?"]
[Date "2000.??.??"]
[Round "4"]
[White "Sulava, N."]
[Black "Shirazi, K."]
[Result "1/2-1/2"]
[WhiteElo "2545"]
[BlackElo "2410"]
[PlyCount "119"]
[EventDate "2000.??.??"]
[Source "www.chesslib.no"]
[SourceDate "2004.05.04"]

1. d4 Nf6 2. c4 d6 3. Nc3 Bf5 4. Nf3 g6 5. h3 Ne4 6. Nxe4 Bxe4 7. Ng5 Bf5 8. e4 Bd7 9. Be3 Bg7 10. Qd2 O-O 11. Rd1 e5 12. dxe5 dxe5 13. c5 Qe8 14. Bc4 Bb5 15. Qe2 Bxc4 16. Qxc4 Nc6 17. O-O Rd8 18. Rd5 h6 19. Nf3 Qe6 20. Qb3 f5 21. Rfd1 Rde8 22. Rd7 Qxb3 23. axb3 Rf7 24. Rxf7 Kxf7 25. g3 Ke6 26. Nh4 Bf6 27. exf5+ gxf5 28. Ng2 h5 29. f3 Rg8 30. Kf2 h4 31. g4 f4 32. Bxf4 exf4 33. Nxf4+ Kf7 34. Rd7+ Ke8 35. Rh7 Rg7 36. Rh8+ Kd7 37. Nd5 Bd4+ 38. Ke2 Rxg4 39. Rh7+ Rg7 40. Rxh4 Bxc5 41. Nf6+ Ke7 42. Nd5+ Ke6 43. Nf4+ Kf5 44. Nd3 Rg2+ 45. Kf1 Rg1+ 46. Ke2 Nd4+ 47. Kf2 Kg5 48. Nxc5 Kxh4 49. Kxg1 b6 50. Na6 c5 51. b4 cxb4 52. Nxb4 Nxf3+ 53. Kf2 Ne5 54. b3 a5 55. Nd5 b5 56. Ke3 a4 57. bxa4 bxa4 58. Nb4 a3 59. Kd2 Kxh3 60. Kc3 1/2-1/2

[Event "5th Montenegro Open"]
[Site "Sozina"]
[Date "2004.02.22"]
[Round "5"]
[White "Nestorovic, Dejan"]
[Black "Markovic, Miroslav"]
[Result "0-1"]
[WhiteElo "2401"]
[BlackElo "2554"]
[PlyCount "100"]
[EventDate "2004.02.18"]
[Source "Roberto Alvarez"]
[SourceDate "2004.03.01"]

1. d4 Nf6 2. c4 d6 3. Nc3 Bf5 4. Bg5 Nbd7 5. e3 e5 6. Bd3 Bxd3 7. Qxd3 Be7 8. Nge2 O-O 9. O-O c6 10. b4 h6 11. Bh4 e4 12. Qc2 d5 13. c5 g5 14. Bg3 Nh5 15. f3 f5 16. fxe4 fxe4 17. Rxf8+ Bxf8 18. Rf1 Ndf6 19. Be1 Ng4 20. Qd2 Be7 21. Ng3 Ng7 22. Nf5 Nxf5 23. Rxf5 Qd7 24. Rf1 b6 25. Bg3 h5 26. h3 Nh6 27. Qe2 g4 28. Bf4 Kh7 29. Bxh6 Kxh6 30. hxg4 hxg4 31. b5 Rc8 32. cxb6 axb6 33. bxc6 Rxc6 34. Qb5 Bg5 35. Nxd5 g3 36. Qb3 Qg4 37. Qb4 Qc8 38. Nf4 Bxf4 39. Rxf4 Rc1+ 40. Rf1 Rxf1+ 41. Kxf1 Qf5+ 42. Ke2 Qf2+ 43. Kd1 Qf1+ 44. Kc2 Qxg2+ 45. Kb3 Qf3 46. Qd6+ Kh5 47. Qe5+ Kg4 48. Qe6+ Qf5 49. d5 g2 50. Qg8+ Qg5 0-1

[Event "Paris FRA ch Op-Fide"]
[Site "Paris"]
[Date "1994.??.??"]
[Round "2"]
[White "Gofshtein, L."]
[Black "Shirazi, K."]
[Result "1-0"]
[WhiteElo "2525"]
[BlackElo "2430"]
[PlyCount "79"]
[EventDate "1994.??.??"]
[Source "www.chesslib.no"]
[SourceDate "2004.05.04"]

1. d4 Nf6 2. c4 d6 3. Nc3 Bf5 4. Nf3 g6 5. g3 Bg7 6. Bg2 Ne4 7. Bd2 c5 8. e3 Nc6 9. O-O O-O 10. Nxe4 Bxe4 11. Bc3 Qb6 12. d5 Bxc3 13. bxc3 Na5 14. Nd2 Bd3 15. Re1 Nxc4 16. Nb3 Bf5 17. e4 Bd7 18. Qe2 Na3 19. e5 dxe5 20. c4 Qd6 21. Rac1 b5 22. cxb5 c4 23. Na5 Bxb5 24. Qxe5 Rfe8 25. Qe3 Bd7 26. Qc3 Rac8 27. Nc6 e6 28. Ne5 Nb5 29. Qf3 Rf8 30. Rcd1 Be8 31. a4 Nc7 32. dxe6 Qxe6 33. Ng4 Qb6 34. Qc3 f6 35. Re3 Rf7 36. Nh6+ Kf8 37. Nxf7 Kg7 38. Nh6 Kf8 39. a5 Qb3 40. Qxf6+ 1-0

[Event "IV It, Santo Antonio POR"]
[Site "?"]
[Date "2001.??.??"]
[Round "5"]
[White "Damaso, R."]
[Black "Ubilava, E."]
[Result "1-0"]
[WhiteElo "2420"]
[BlackElo "2525"]
[PlyCount "65"]
[EventDate "2001.??.??"]
[Source "www.chesslib.no"]
[SourceDate "2004.05.04"]

1. d4 Nf6 2. c4 d6 3. Nc3 Bf5 4. g3 Ne4 5. Qd3 d5 6. cxd5 Nxc3 7. Qxf5 Nxd5 8. Nf3 e6 9. Qd3 c5 10. Bg2 cxd4 11. O-O Be7 12. Nxd4 O-O 13. Rd1 Nc6 14. Nxc6 bxc6 15. e4 Nb4 16. Qe2 Qb6 17. a3 Na6 18. b4 Rfd8 19. Be3 Qb7 20. Rac1 Rac8 21. e5 Nb8 22. Rxd8+ Rxd8 23. Qb2 Qa6 24. Be4 g6 25. Qc3 Kg7 26. Kg2 Kg8 27. h4 h5 28. Ra1 Kg7 29. a4 Rd7 30. b5 cxb5 31. axb5 Qxb5 32. Rb1 Qa4 33. Bc2 1-0

[Event "TCh-Serbia & Montenegro"]
[Site "Budva"]
[Date "2003.05.19"]
[Round "2"]
[White "Milanovic, Danilo"]
[Black "Markovic, Miroslav"]
[Result "0-1"]
[WhiteElo "2429"]
[BlackElo "2504"]
[PlyCount "74"]
[EventDate "2003.05.18"]
[Source "Roberto Alvarez"]
[SourceDate "2003.06.30"]

1. d4 Nf6 2. c4 d6 3. Nc3 Bf5 4. f3 e5 5. e4 exd4 6. Qxd4 Be6 7. Be3 Nbd7 8. b3 c6 9. Nge2 Qa5 10. Qd2 Rd8 11. Nf4 g6 12. Be2 Bg7 13. Rc1 Ne5 14. O-O O-O 15. Rfd1 Kh8 16. Qc2 c5 17. Ncd5 Nc6 18. Bf1 Nd7 19. Ne2 Bxd5 20. cxd5 Nb4 21. Qd2 Qxa2 22. Qxa2 Nxa2 23. Rc2 Nb4 24. Rcd2 a6 25. Ng3 Rde8 26. Bf2 b5 27. Rb1 Ra8 28. Ne2 Rfb8 29. Nc1 a5 30. Na2 Na6 31. Rc2 b4 32. Nc1 Nc7 33. Ra2 Nb6 34. Bd3 a4 35. bxa4 Rxa4 36. Rxa4 Nxa4 37. Be1 Nb2 0-1

[Event "Boavista Masters"]
[Site "Porto"]
[Date "2000.01.02"]
[Round "6"]
[White "Damaso, Rui"]
[Black "Georgiev, Vladimir"]
[Result "1/2-1/2"]
[WhiteElo "2399"]
[BlackElo "2519"]
[PlyCount "42"]
[EventDate "1999.12.27"]
[Source "ChessBase"]
[SourceDate "2000.04.05"]

1. d4 Nf6 2. c4 d6 3. Nc3 Bf5 4. g3 Ne4 5. Bg2 Nxc3 6. bxc3 Nc6 7. e4 Bd7 8. f4 e5 9. Nf3 Be7 10. O-O O-O 11. fxe5 dxe5 12. d5 Na5 13. Nxe5 Bd6 14. Bf4 Bxe5 15. Bxe5 f6 16. Bf4 Nxc4 17. Qd4 Nd6 18. c4 Re8 19. c5 Nf7 20. Rab1 b6 21. Qc4 Ne5 1/2-1/2

[Event "17th Open, Boblinger GER"]
[Site "?"]
[Date "2000.??.??"]
[Round "9"]
[White "Atalik, S."]
[Black "Gross, S."]
[Result "1-0"]
[WhiteElo "2545"]
[BlackElo "2355"]
[PlyCount "107"]
[EventDate "2000.??.??"]
[Source "www.chesslib.no"]
[SourceDate "2004.05.04"]

1. d4 Nf6 2. c4 d6 3. Nc3 Bf5 4. Nf3 h6 5. d5 c5 6. Nd2 e5 7. e4 Bh7 8. Bd3 Be7 9. Nf1 O-O 10. Ne3 Nbd7 11. h4 Ne8 12. g3 a6 13. a4 a5 14. b3 g6 15. h5 g5 16. Ng4 Kg7 17. Qf3 Rh8 18. Bf1 Bf8 19. Ne3 Ndf6 20. Bh3 Kg8 21. Bf5 Ng7 22. Bxh7+ Rxh7 23. Bb2 Be7 24. O-O-O Qd7 25. Rdg1 Re8 26. Qe2 Bd8 27. Kc2 Rh8 28. Kd3 Qe7 29. Kc2 Rf8 30. Kb1 Re8 31. Rh2 Rh7 32. Re1 Qd7 33. Qf3 Rf8 34. Nb5 Be7 35. Bc3 b6 36. Qg2 Ng4 37. Nxg4 Qxg4 38. Na7 Qd7 39. Nc6 f6 40. f4 Ne8 41. Qe2 Bd8 42. Rf1 Bc7 43. Rhf2 Rhf7 44. Bd2 Ng7 45. Qf3 Ne8 46. Kc2 Kg7 47. Kd1 Kg8 48. Ke2 Kg7 49. Na7 Kg8 50. Nb5 Bb8 51. Bc3 Bc7 52. Bb2 Bd8 53. Na3 Bc7 54. Nc2 1-0

[Event "Cappelle Open"]
[Site "Cappelle la Grande FRA"]
[Date "1995.??.??"]
[Round "2"]
[White "Shneider, Aleksandr"]
[Black "Bielczyk, Jacek"]
[Result "1-0"]
[WhiteElo "2530"]
[BlackElo "2365"]
[PlyCount "52"]
[EventDate "1995.03.??"]
[Source "www.chesslib.no"]
[SourceDate "2004.05.04"]

1. d4 Nf6 2. c4 d6 3. Nc3 Bf5 4. Nf3 g6 5. g3 Ne4 6. Nd2 Nxd2 7. Bxd2 Qc8 8. d5 Bg7 9. h4 Na6 10. e4 Bd7 11. h5 c5 12. Bg5 Nc7 13. Qd2 a6 14. hxg6 fxg6 15. O-O-O b5 16. e5 Bxe5 17. f4 Bf6 18. Bxf6 exf6 19. Ne4 O-O 20. Nxd6 Qd8 21. Nb7 Qb8 22. Nxc5 Bf5 23. d6 Rd8 24. Bg2 Qb6 25. Bd5+ Kg7 26. dxc7 Qxc7 1-0